| 000 | 01032nam a22003257a 4500 | ||
|---|---|---|---|
| 003 | CHAP | ||
| 005 | 20220329132953.0 | ||
| 008 | 971013s1986 r 00010 d | ||
| 010 | _a793 | ||
| 011 | _a1765 | ||
| 035 | _a942 | ||
| 040 | _cCHAP | ||
| 082 |
_a632.3 _bS5 1986 |
||
| 100 | 0 | 0 |
_aSherf, Arden F. _9105647 |
| 245 | _aVegetable diseases and their control | ||
| 250 | _a2 ed. | ||
| 260 |
_aNew York : _bWiley, _c1986 |
||
| 300 |
_a728 p. _b: ilus. |
||
| 500 | _a39-17 | ||
| 590 |
_aBATCH-UPD _b10 _c20130110 _lUCH01 _h1954 |
||
| 590 |
_aCONVERSION _b10 _c20130109 _lUCH01 _h1302 |
||
| 650 | 1 | 4 |
_aCultivos _xEnfermedades. _930262 |
| 650 | 1 | 4 |
_aPlantas comestibles. _988906 |
| 700 | 0 |
_aMacnab, Alan A. _969486 |
|
| 901 | _aBK | ||
| 942 | _cLIBRO | ||
| 949 |
_a632.3 S5 1986 _bBC _cLIBRO _d33724000091583 _eLIBRO _fc.2 _h78806 _i942 _si _t182.40 |
||
| 949 |
_a632.3 S5 1986 _bBC _cLIBRO _d33724000177465 _eLIBRO _gI.151454 _h77917 _i942 _si _t182.40 |
||
| 949 |
_a632.3 S5 1986 _bBC _cLIBRO _d33724000789202 _eLIBRO _fc.3 _h82550 _i942 _si _t182.40 |
||
| 999 |
_c793 _d793 |
||